000
00305nam a2200109Ia 4500
008
171205s9999 xx 000 0 und d
020
_a
9781635496406
100
_a
Darcy, Jane.
245
_c
Jane Darcy
_a
Employee Training and Induction
260
_b
Larsen and Keller Education
_c
2017
300
_a
240 pages
999
_c
347437
_d
347437